INFORME FINAL DEL EJERCICIO PROFESIONAL SUPERVISADO, DISEÑO DE CAMINO RURAL COMPRENDIDO DEL CASERÍO SETZIMAAJ HACIA EL CASERÍO SESAQUITUL, Y SISTEMA DE ALCANTARILLADO SANITARIO EN EL BARRIO SAN PEDRO Y SANTA MARÍA, SANTA MARÍA CAHABÓN, ALTA VERAPAZ./ (Registro nro. 2037)
[ vista simple ]
| 000 -LEADER | |
|---|---|
| campo de control de longitud fija | 03226nam a22003377a 4500 |
| 001 - NÚMERO DE CONTROL | |
| campo de control | TIC 0039 |
| 003 - IDENTIFICADOR DE NÚMERO DE CONTROL | |
| campo de control | gtcocun |
| 005 - FECHA Y HORA DE LA ÚLTIMA TRANSACCIÓN | |
| campo de control | 20250922164328.0 |
| 006 - CÓDIGOS DE INFORMACIÓN DE LONGITUD FIJA--CARACTERÍSTICAS DEL MATERIAL ADICIONAL | |
| campo de control de longitud fija | a||||gr|||| 00| 0 |
| 007 - CAMPO FIJO DE DESCRIPCIÓN FÍSICA--INFORMACIÓN GENERAL | |
| campo de control de longitud fija | ta |
| 008 - DATOS DE LONGITUD FIJA--INFORMACIÓN GENERAL | |
| campo de control de longitud fija | 250922b2024 gt ||||| m||| 00| 0 eng d |
| 040 ## - FUENTE DE CATALOGACIÓN | |
| Centro catalogador/agencia de origen | gtcocun |
| Lengua de catalogación | SPA |
| Centro/agencia transcriptor | gtcocun |
| Normas de descripción | RDA |
| 041 ## - CÓDIGO DE IDIOMA | |
| Código de lengua del texto/banda sonora o título independiente | SPA TIC 0039 |
| 084 ## - OTRO NÚMERO DE CLASIFICACIÓN | |
| Número de control del registro de autoridad o número normalizado | TIC 0039 |
| 100 ## - ENTRADA PRINCIPAL--NOMBRE DE PERSONA | |
| Nombre de persona | Otuc Toribio, Josué Israel |
| Término indicativo de función/relación | Autor |
| 245 ## - MENCIÓN DEL TÍTULO | |
| Título | INFORME FINAL DEL EJERCICIO PROFESIONAL SUPERVISADO, DISEÑO DE CAMINO RURAL COMPRENDIDO DEL CASERÍO SETZIMAAJ HACIA EL CASERÍO SESAQUITUL, Y SISTEMA DE ALCANTARILLADO SANITARIO EN EL BARRIO SAN PEDRO Y SANTA MARÍA, SANTA MARÍA CAHABÓN, ALTA VERAPAZ./ |
| Mención de responsabilidad, etc. | Josué Israel Otuc Toribio. |
| Medio | Impreso |
| 264 ## - PRODUCCIÓN, PUBLICACIÓN, DISTRIBUCIÓN, FABRICACIÓN Y COPYRIGHT | |
| Producción, publicación, distribución, fabricación y copyright | Cobán, Alta Verapaz: |
| Nombre del de productor, editor, distribuidor, fabricante | Universidad de San Carlos de Guatemala, Centro Universitario del Norte, Ingeniería Civil |
| Fecha de producción, publicación, distribución, fabricación o copyright | 2024 |
| 300 ## - DESCRIPCIÓN FÍSICA | |
| Extensión | 159 p.: |
| Otras características físicas | Ilustraciones, gráficas. |
| Dimensiones | 28 cm; |
| 300 ## - DESCRIPCIÓN FÍSICA | |
| Dimensiones | |
| 336 ## - TIPO DE CONTENIDO | |
| Fuente | rdacontenido |
| Término de tipo de contenido | Texto |
| Código de tipo de contenido | txt |
| 337 ## - TIPO DE MEDIO | |
| Fuente | rdamedio |
| Nombre/término del tipo de medio | Computadora |
| Código del tipo de medio | n |
| 338 ## - TIPO DE SOPORTE | |
| Fuente | rdasoporte |
| Nombre/término del tipo de soporte | Código en línea |
| Código del tipo de soporte | cr |
| 502 ## - NOTA DE TESIS | |
| identificador de la tesis | TIC 0039 |
| 502 ## - NOTA DE TESIS | |
| Nota de tesis | Tesis de grado |
| Tipo de título | Ingeniería Civil, |
| Nombre de la institución que otorga el título | Universidad de San Carlos de Guatemala, Centro Universitario del Norte, Ingeniería Civil |
| Año de obtención del título | 2024 |
| Identificador de la tesis | TIC 0039 |
| 520 14 - RESUMEN, ETC. | |
| Sumario, etc. | A través del Ejercicio Profesional Supervisado de la carrera de ingeniería civil, se ha realizado el apoyo técnico al municipio de Santa María Cahabón en la atención a las necesidades de infraestructura vial de la comunidad del caserío Setzimaaj y sanitarias del<br/>barrio San Pedro en el área urbana. Se detalla la manera de solventar necesidades y satisfacer problemas desde la especialidad de la carrera a través del diseño y planificación de proyectos, específicamente en la apertura de un camino rural y de un sistema de<br/>alcantarillado sanitario en el área urbana. La metodología de la investigación utilizada es la investigación acción pues se centra en la resolución de problemas prácticos en el entorno específico del municipio de Santa María Cahabón.<br/><br/>En el área rural se requiere la construcción de una carretera debido a que el nivel económico se encuentra limitado por la falta de acceso vehicular, el diseño de la infraestructura vial se ha realizado en consideración a los aspectos topográficos, ambientales, de tránsito, geológicos, así como factores sociales y potencial de urbanizarse.<br/><br/>En el área urbana es alarmante el nivel de contaminación de las aguas domiciliares hacia el río que atraviesa el casco urbano del municipio, por lo que es necesaria su recolección y dirigirlo hacia una planta de tratamiento de aguas residuales, por tal motivo se propone un sistema de alcantarillado sanitario por gravedad mediante tubería colectora y pozos de<br/>visita, además de la consideración de la tasa de crecimiento poblacional. |
| 650 14 - PUNTO DE ACCESO ADICIONAL DE MATERIA--TÉRMINO DE MATERIA | |
| Fuente del encabezamiento o término | LEMB |
| Término de materia o nombre geográfico como elemento de entrada | Santa María Cahabón, Alta Verapaz. |
| Subdivisión general | Ingeniería |
| -- | Diseño |
| -- | Infrastructura |
| -- | Metodología |
| -- | Planificación |
| -- | Proyectos |
| 700 ## - ENTRADA AGREGADA--NOMBRE PERSONAL | |
| Nombre de persona | Ing. Jorge Haroldo Dubón Xitumul |
| Término indicativo de función/relación | Asesor |
| 856 ## - LOCALIZACIÓN Y ACCESO ELECTRÓNICOS | |
| Identificador Uniforme de Recurso | <a href="https://drive.google.com/file/d/1PPfYScBSiYNfEW48uHhbHsWCAynaHgy8/view">https://drive.google.com/file/d/1PPfYScBSiYNfEW48uHhbHsWCAynaHgy8/view</a> |
| Texto de enlace | |
| Nota pública | Un ejemplar en línea. |
| 942 ## - ELEMENTOS DE ENTRADA SECUNDARIOS (KOHA) | |
| Fuente de la clasificación o esquema de estantería | Clasificación Decimal Dewey |
| Tipo de ítem Koha | TESIS |
| Parte de la signatura que identifica el ejemplar (Parte del ítem) | TIC 0039 |
| Prefijo de la signatura | Clasificación |
| Suprimir en OPAC | No |
| -- | TIC_0039_000000000000000 |
| Estatus retirado | Estado de pérdida | Fuente de la clasificación o esquema de estantería | Estado de daño | No para préstamo | Colección | Biblioteca de origen | Biblioteca actual | Ubicación en estantería | Fecha de adquisición | Número de inventario | Total de préstamos | Signatura topográfica completa | Código de barras | Visto por última vez | Precio de reemplazo | Tipo de ítem Koha |
|---|---|---|---|---|---|---|---|---|---|---|---|---|---|---|---|---|
| Clasificación Decimal Dewey | tesis | BIBLIOTECA- CUNOR -JOSÉ LUIS GONZALES ROSALES | BIBLIOTECA- CUNOR -JOSÉ LUIS GONZALES ROSALES | Colección tesis | 16/09/2025 | TIC 0039 | TIC 0039 | TIC 0039 | 16/09/2025 | 16/09/2025 | TESIS |